000 01298cam a2200349 i 4500
001 37665
003 Mx-PuUPA
005 20240410103800.0
008 140415s2012 mx jr 000 1 spa d
020 _a9786073108010
040 _cMx-PuUPA
_aMx-PuUPA
_bspa
_dMx-PuUPA
_erda
041 1 _aspa
_heng
100 1 _aRiordan, Rick,
_eautor
240 1 4 _aThe Kane Chronicles.
_nVol. 1.
_pThe read pyramid.
_lEspañol
245 1 3 _aLa pirámide roja /
_cRick Riordan ; traducción de Manuel Viciano Delibano
250 _aPrimera edición
264 1 _aCiudad de México :
_bMontena,
_c2012
300 _a473 páginas ;
_c22 cm
336 _2rdacontent
_atexto
_btxt
337 _2rdamedia
_asin medio
_bn
338 _2rdacarrier
_avolumen
_bnc
490 0 _aThe Kane chronicles ;
_v1
650 7 _2armarc
_aTravesías y viajes
_vNovela
650 7 _2armarc
_aMitología egipcia
_vNovela
650 7 _2armarc
_aAventuras y aventureros
_vNovela
700 1 _aDelibano, Manuel Viciano,
_etraductor
765 0 _aRiordan, Rick,
_tThe Kane Chronicles. Vol. 1. The read pyramid.
942 _2ddc
_cLI
_h813.6
_iR6278
999 _c37665
_d37665